000 01571cam a22004574i 4500
003 PE-LiUPU
005 20250731173304.0
008 150616s1968 ag r 000 0 spa d
035 _a(Sirsi) a3645
040 _aPE-LiUPU
_bspa
_cPE-LiUPU
_erda
049 _aPRUA
082 0 4 _a270
_bP65
_221
100 1 _aPinay, Maurice,
_eautor.
245 1 0 _aComplot contra la iglesia /
_cMaurice Pinay.
264 1 _aArgentina :
_bOrganización San José,
_c1968.
300 _a405 páginas ;
_c20 centímetros
336 _atext
_2rdacontent
337 _aunmediated
_2rdamedia
338 _avolume
_2rdacarrier
504 _aNotas Bibliograficas.
505 0 _aEl motor secreto del comunismo -- El poder oculto tras la masonería -- La sinagoga de satanás -- La quinta columna Judía en el clero, (primera parte).
526 _aSEG42
526 _aSEG41
526 _aSEG40
526 _aSEG39
526 _aP94
526 _aP87
526 _aP86
526 _aP85
526 _aP77
526 _aP76
526 _aP35
650 0 4 _aIGLESIA - HISTORIA.
910 _ajck
_bjvq
_cjck
942 _2ddc
_cBOOK
949 _a270 P65
_wDEWEY
_c1
_i12601
_lCCODEBUL1
_mBUL
_p00.00
_r0
_sY
_tBOOK
_u2015-04-23
_xTEOLOGIA
_zUNKNOWN
_0COMPRA
_o.STAFF. Colección General
994 _aC0
_bPEPRU
596 _a1
999 _a270 P65
_wDEWEY
_c44523
_i12601
_d44523
_f2021-11-12
_g6
_lCCODEBUL1
_mBUL
_p16.00
_q1
_r0
_sY
_tBOOK
_u2015-4-23
_xTEOLOGIA
_zUNKNOWN
_0COMPRA
_o.STAFF. Colección teología
980 _81
_gALBERTO SANCHEZ Responsable de Automatización